000 00992cab a2200289 4500
001 WB3309-35
008 090401t1997 xxu||||| |||| 00| 0 eng d
035 _a(Sirsi) u59889
041 _aeng
245 _aReform encourages newcomers
260 _c1997
350 _a0
490 _aBirmingham Post
_v27 February 1997, 32(1)
520 _aA CLA survey assessing the impact of the Agricultural Tenancies Act 1995 finds that tenancy reforms are encouraging newcomers to enter farming. The CAAV echoes these findings.
650 _aAGRICULTURAL TENANCIES ACT 1995
650 _aPROPERTY-LANDLORD AND TENANT-TENANCIES-AGRICULTURAL TENANCIES
650 _aCAAV
650 _aCENTRAL ASSOCIATION OF AGRICULTURAL VALUERS
650 _aCLA SURVEY
650 _aCOUNTRY LANDOWNERS ASSOCIATION
650 _aFARM BUSINESS TENANCIES
650 _aMARKET EFFECTS
650 _aREFORM
690 _aLANDLORD AND TENANT-AGRICULTURAL TENANCIES
942 _n0
948 _c04/03/1997
999 _c36839
_d36839